| 000 | 00730nam a2200181Ia 4500 | ||
|---|---|---|---|
| 008 | 100920s9999 xx 000 0 und d | ||
| 082 |
_b81864 _a891.463.1 न 02 |
||
| 100 | _aपोंक्षे राजीव. | ||
| 245 | _aमहाराष्ट्र पोलीस चातुर्य कथा. | ||
| 260 |
_bपार्टनर पब्लिकेशन, मुंबई. _c2002 |
||
| 300 |
_a144 _bसाधी |
||
| 365 | _b125 | ||
| 520 | _aलघुकथा. | ||
| 630 | _aमहाराष्ट्र पोलीस चातुर्य कथा. | ||
| 650 | _aलघुकथा. | ||
| 730 | _aमहाराष्ट्र पोलीस चातुर्य कथा. | ||
| 942 | _cBOOK | ||
| 999 |
_c722620 _d722617 |
||